[Event "17. European Women's Championship 2016"]
[Site "Mamaia ROU"]
[Date "2016.06.03"]
[Round "7.39"]
[White "Belenkaya, Dina"]
[Black "Mikadze, Miranda"]
[Result "0-1"]
[WhiteElo "2289"]
[BlackElo "2233"]
[PlyCount "104"]
[EventDate "2016.05.27"]
[EventType "swiss"]
[EventRounds "11"]
[EventCountry "ROU"]
[Source "lmi"]
[SourceDate "2016.05.26"]

1. e4 c5 2. Nf3 d6 3. Bb5+ Bd7 4. Bxd7+ Qxd7 5. O-O Nc6 6. Qe2 Nf6 7. Rd1 g5 8.
c3 g4 9. Nh4 O-O-O 10. d4 cxd4 11. cxd4 d5 12. Nc3 Nxe4 13. Nxe4 dxe4 14. d5 e6
15. Bg5 exd5 16. Bxd8 Kxd8 17. Qb5 Nb4 18. Qe2 h5 19. Qe3 Nd3 20. Qxa7 Bc5 21.
Qa5+ Qc7 22. Qa8+ Qc8 23. Qxc8+ Kxc8 24. Rac1 Kb8 25. Rc2 Rh6 26. Kf1 Bb6 27.
a3 Rf6 28. Rdd2 Be3 29. Re2 Bg5 30. g3 e3 31. Ng2 Nxf2 32. Rxf2 Rxf2+ 33. Rxf2
exf2 34. Kxf2 Kc7 35. Ke2 Bc1 36. b3 Kd6 37. a4 Kc5 38. Kd3 Bg5 39. Ne1 d4 40.
Nc2 Be3 41. Ne1 Bg1 42. Ke2 Kb4 43. Nd3+ Kxb3 44. Nc5+ Kc2 45. Nd3 Bxh2 46.
Ne1+ Kc3 47. Kf2 d3 48. Ng2 d2 49. Ne3 Kd3 50. Nd1 Bxg3+ 51. Kxg3 Ke2 52. Nc3+
Ke1 0-1

[Event "17. European Women's Championship 2016"]
[Site "Mamaia ROU"]
[Date "2016.06.03"]
[Round "7.40"]
[White "Buksa, Nataliya"]
[Black "Stetsko, Lanita"]
[Result "1/2-1/2"]
[WhiteElo "2288"]
[BlackElo "2220"]
[PlyCount "120"]
[EventDate "2016.05.27"]
[EventType "swiss"]
[EventRounds "11"]
[EventCountry "ROU"]
[Source "lmi"]
[SourceDate "2016.05.26"]

1. e4 e5 2. Nf3 Nc6 3. Bb5 a6 4. Ba4 Nf6 5. O-O Be7 6. Re1 b5 7. Bb3 d6 8. c3
O-O 9. h3 Na5 10. Bc2 c5 11. d4 Nd7 12. dxc5 dxc5 13. Qe2 Qc7 14. Nbd2 Bb7 15.
Nf1 Nc4 16. Ng3 Nd6 17. Nh2 c4 18. Ng4 Rfe8 19. Bd2 f6 20. Rad1 Nc5 21. Bc1
Rad8 22. h4 Qc6 23. Qf3 Ndxe4 24. Rxd8 Rxd8 25. Nxe4 Nd3 26. Re3 Nxc1 27.
Nexf6+ Bxf6 28. Be4 Qd7 29. Bxb7 Qd1+ 30. Kh2 Qxf3 31. Rxf3 Rd6 32. h5 Nd3 33.
Re3 Nxb2 34. Nxe5 Nd1 35. Re1 Nxc3 36. f4 Nxa2 37. Ng4 b4 38. Nxf6+ gxf6 39.
Re8+ Kf7 40. Rc8 c3 41. Be4 b3 42. Bxh7 c2 43. Rc7+ Kf8 44. Rc8+ Kg7 45. Rc7+
Kh8 46. Bxc2 bxc2 47. Rxc2 Nb4 48. Rc4 a5 49. g4 Nd3 50. Kg3 Ra6 51. Rc3 Nb4
52. Rc8+ Kg7 53. Rc7+ Kg8 54. h6 a4 55. g5 fxg5 56. fxg5 a3 57. Rc8+ Kh7 58.
Rc7+ Kg8 59. Rc8+ Kh7 60. Rc7+ Kg8 1/2-1/2

[Event "17. European Women's Championship 2016"]
[Site "Mamaia ROU"]
[Date "2016.06.03"]
[Round "7.41"]
[White "Rodshtein, Tereza"]
[Black "Khalafova, Narmin"]
[Result "1-0"]
[WhiteElo "2263"]
[BlackElo "2193"]
[PlyCount "109"]
[EventDate "2016.05.27"]
[EventType "swiss"]
[EventRounds "11"]
[EventCountry "ROU"]
[Source "lmi"]
[SourceDate "2016.05.26"]

1. e4 c5 2. Nf3 d6 3. Bb5+ Bd7 4. Bxd7+ Qxd7 5. O-O Nf6 6. e5 dxe5 7. Nxe5 Qc8
8. Qf3 e6 9. b3 Be7 10. Bb2 O-O 11. Na3 Nbd7 12. Nac4 Nxe5 13. Nxe5 Qc7 14. Ng4
Nd5 15. Be5 Qd7 16. Rfe1 Nb4 17. Ne3 Nc6 18. Bc3 Nd4 19. Bxd4 cxd4 20. Nc4 Rac8
21. a4 b6 22. d3 Qc7 23. Qg3 Qc5 24. Rab1 Qb4 25. Re4 Rfd8 26. Rg4 Bf8 27. Qf3
f5 28. Rh4 Rd7 29. Ne5 Rd5 30. Nc4 g6 31. Qe2 Re8 32. Ne5 Bg7 33. Nf3 Bf6 34.
Rh3 e5 35. Nd2 Rc8 36. Nc4 a6 37. f4 b5 38. Nb6 Rcd8 39. Nxd5 Rxd5 40. Qf3 Qd6
41. axb5 axb5 42. Ra1 exf4 43. Ra6 Qe5 44. Rxf6 Qe3+ 45. Qxe3 dxe3 46. Rf3 Kg7
47. Re6 Kf7 48. Ra6 g5 49. g3 Re5 50. Kf1 fxg3 51. hxg3 g4 52. Rf4 h5 53. Rh6
Rc5 54. c4 bxc4 55. bxc4 1-0

[Event "17. European Women's Championship 2016"]
[Site "Mamaia ROU"]
[Date "2016.06.03"]
[Round "7.42"]
[White "Isgandarova, Khayala"]
[Black "Doluhanova, Evgeniya"]
[Result "1/2-1/2"]
[WhiteElo "2193"]
[BlackElo "2262"]
[PlyCount "104"]
[EventDate "2016.05.27"]
[EventType "swiss"]
[EventRounds "11"]
[EventCountry "ROU"]
[Source "lmi"]
[SourceDate "2016.05.26"]

1. e4 c5 2. Nf3 d6 3. d4 cxd4 4. Nxd4 Nf6 5. f3 e5 6. Nb3 Be6 7. c4 Be7 8. Be3
O-O 9. Be2 a5 10. O-O a4 11. N3d2 Nbd7 12. Nc3 Qa5 13. Rc1 Rfc8 14. b3 axb3 15.
axb3 Bd8 16. Nb5 Bb6 17. Bxb6 Qxb6+ 18. Kh1 h5 19. Nb1 h4 20. Qxd6 Rc6 21. Qd2
Nh5 22. Qg5 Nf4 23. N1c3 h3 24. g3 f6 25. Qh4 Nxe2 26. Nxe2 Qe3 27. Nbc3 Nc5
28. g4 Nxb3 29. Rce1 Nd2 30. Rf2 Nxc4 31. Nd1 Qd2 32. Rg1 Ra1 33. Nec3 Qg5 34.
Qxh3 Rd6 35. Qh5 Qxh5 36. gxh5 b5 37. Rfg2 g5 38. h4 b4 39. hxg5 bxc3 40. gxf6+
Kh8 41. Rg6 Rd7 42. Nxc3 Rxg1+ 43. Kxg1 Bf7 44. Rg7 Nb6 45. h6 Be6 46. f4 exf4
47. Ne2 Rxg7+ 48. fxg7+ Kh7 49. Nxf4 Bf7 50. e5 Kxh6 51. e6 Kxg7 52. exf7 Kxf7
1/2-1/2

[Event "17. European Women's Championship 2016"]
[Site "Mamaia ROU"]
[Date "2016.06.03"]
[Round "7.43"]
[White "Galunova, Tsveta"]
[Black "Mamedjarova, Turkan"]
[Result "0-1"]
[WhiteElo "2149"]
[BlackElo "2257"]
[PlyCount "58"]
[EventDate "2016.05.27"]
[EventType "swiss"]
[EventRounds "11"]
[EventCountry "ROU"]
[Source "lmi"]
[SourceDate "2016.05.26"]

1. d4 d5 2. c4 e6 3. Nf3 Nf6 4. e3 c6 5. Nbd2 Nbd7 6. Bd3 Bd6 7. O-O O-O 8. e4
dxe4 9. Nxe4 Nxe4 10. Bxe4 f5 11. Bc2 Qf6 12. c5 Bc7 13. Re1 Re8 14. Qd3 h6 15.
Bd2 Qg6 16. b4 Nf6 17. Ne5 Bxe5 18. Rxe5 Rd8 19. Bb3 Kh8 20. h3 Ne4 21. Re1 Qf6
22. Bc2 Qxe5 23. dxe5 Rxd3 24. Bxd3 Nxd2 25. f3 b5 26. cxb6 axb6 27. Kf2 Ba6
28. Ke3 Nc4+ 29. Kd4 Na3 0-1

[Event "17. European Women's Championship 2016"]
[Site "Mamaia ROU"]
[Date "2016.06.03"]
[Round "7.45"]
[White "Nikoladze, Sopio"]
[Black "Fataliyeva, Ulviyya"]
[Result "0-1"]
[WhiteElo "2155"]
[BlackElo "2301"]
[PlyCount "86"]
[EventDate "2016.05.27"]
[EventType "swiss"]
[EventRounds "11"]
[EventCountry "ROU"]
[Source "lmi"]
[SourceDate "2016.05.26"]

1. d4 e6 2. Nf3 Nf6 3. e3 d5 4. Bd3 c5 5. b3 Nc6 6. Bb2 Qc7 7. a3 Bd6 8. dxc5
Bxc5 9. Bxf6 gxf6 10. Nbd2 Rg8 11. b4 Bd6 12. g3 a5 13. c4 axb4 14. cxd5 exd5
15. axb4 Rxa1 16. Qxa1 Nxb4 17. Bb5+ Ke7 18. Ke2 Bg4 19. Qd4 Qa5 20. Bd3 Be5
21. Ra1 Bxd4 22. Rxa5 Bc3 23. Bxh7 Rg7 24. Nb1 Nc6 25. Rb5 Ne5 26. Rxb7+ Kd8
27. Bc2 Bxf3+ 28. Kf1 d4 29. Rb3 Bd5 30. Ra3 Bb2 31. Ra5 Bc4+ 32. Kg2 d3 33.
Bd1 Kc7 34. f4 Nd7 35. Ra7+ Kd8 36. g4 Bc1 37. Kf3 Rh7 38. Ra8+ Kc7 39. Ra7+
Kd6 40. Ke4 Rh3 41. Nc3 Bxe3 42. Ra8 Nc5+ 43. Kf5 Be6+ 0-1

[Event "17. European Women's Championship 2016"]
[Site "Mamaia ROU"]
[Date "2016.06.03"]
[Round "7.46"]
[White "Tsatsalashvili, Keti"]
[Black "Cosman, Andreea-Marioara"]
[Result "0-1"]
[WhiteElo "2278"]
[BlackElo "2101"]
[PlyCount "120"]
[EventDate "2016.05.27"]
[EventType "swiss"]
[EventRounds "11"]
[EventCountry "ROU"]
[Source "lmi"]
[SourceDate "2016.05.26"]

1. d4 Nf6 2. c4 c5 3. d5 e6 4. Nc3 exd5 5. cxd5 d6 6. Nf3 g6 7. Bf4 Bg7 8. Qa4+
Bd7 9. Qb3 Qc7 10. e3 O-O 11. Be2 a6 12. a4 Bg4 13. O-O Nh5 14. Bg5 h6 15. Bh4
g5 16. h3 Bc8 17. Nd2 Nf6 18. Bg3 Nbd7 19. Nc4 Ne5 20. Bxe5 dxe5 21. Rfd1 Re8
22. Nb6 Rb8 23. d6 Qc6 24. Bc4 Be6 25. d7 Red8 26. Bxe6 Qxe6 27. Qxe6 fxe6 28.
f3 Bf8 29. Ne4 Kf7 30. a5 Nd5 31. Nc4 Rxd7 32. Nxe5+ Ke7 33. Nxd7 Kxd7 34. Kf2
Kc6 35. Nd2 Kb5 36. e4 Nb4 37. b3 Bg7 38. Rab1 Bd4+ 39. Kg3 Kxa5 40. Nc4+ Kb5
41. Nd6+ Kc6 42. Nf7 b5 43. Nxh6 a5 44. Nf7 Rg8 45. Rd2 Rg7 46. Nh6 Be5+ 47.
Kf2 a4 48. bxa4 bxa4 49. Ng4 Bc3 50. Rd8 Ra7 51. Rc1 Bb2 52. Rcd1 a3 53. R8d6+
Kb5 54. Rxe6 a2 55. Rg6 Nd3+ 56. Kf1 Nc1 57. Ne3 a1=Q 58. Nd5 Rb7 59. Rxg5 Bd4
60. Nf4 Qb2 0-1

[Event "17. European Women's Championship 2016"]
[Site "Mamaia ROU"]
[Date "2016.06.03"]
[Round "7.47"]
[White "Balaian, Alina"]
[Black "Sucikova, Svetlana"]
[Result "1-0"]
[WhiteElo "2230"]
[BlackElo "2072"]
[PlyCount "81"]
[EventDate "2016.05.27"]
[EventType "swiss"]
[EventRounds "11"]
[EventCountry "ROU"]
[Source "lmi"]
[SourceDate "2016.05.26"]

1. e4 c6 2. d4 d5 3. exd5 cxd5 4. c4 Nf6 5. Nc3 e6 6. Nf3 Be7 7. cxd5 Nxd5 8.
Bd3 Nc6 9. O-O O-O 10. Re1 Bf6 11. Be4 Nce7 12. Ne5 Qc7 13. Ng4 Qb6 14. Qd3
Bxd4 15. Bxh7+ Kh8 16. Qh3 Rd8 17. Be4+ Kg8 18. Qh7+ Kf8 19. Qh8+ Ng8 20. Nxd5
Rxd5 21. Bxd5 exd5 22. Re8+ Kxe8 23. Qxg8+ Kd7 24. Qxf7+ Kc6 25. Qe8+ Kc5 26.
b4+ Qxb4 27. Ba3 Qxa3 28. Qe7+ Kc6 29. Qxa3 Bxa1 30. Qc1+ Kd6 31. Qxa1 Bxg4 32.
Qxg7 Bd7 33. h4 Re8 34. h5 Re7 35. Qg3+ Ke6 36. h6 Rf7 37. h7 Rf8 38. Qg6+ Ke7
39. Qg7+ Ke8 40. Qxf8+ Kxf8 41. h8=Q+ 1-0

[Event "17. European Women's Championship 2016"]
[Site "Mamaia ROU"]
[Date "2016.06.03"]
[Round "7.48"]
[White "Pavlidou, Ekaterini"]
[Black "Coman, Emilia-Florentina"]
[Result "1-0"]
[WhiteElo "2209"]
[BlackElo "1891"]
[PlyCount "47"]
[EventDate "2016.05.27"]
[EventType "swiss"]
[EventRounds "11"]
[EventCountry "ROU"]
[Source "lmi"]
[SourceDate "2016.05.26"]

1. c4 b6 2. Nc3 Bb7 3. d4 e6 4. a3 f5 5. Nf3 Nf6 6. g3 Bxf3 7. exf3 g6 8. Be3
Bg7 9. Qd2 O-O 10. Be2 d5 11. cxd5 Nxd5 12. Nxd5 Qxd5 13. O-O Nc6 14. Rac1 Nxd4
15. Rxc7 Be5 16. Rcc1 Nxf3+ 17. Bxf3 Qxf3 18. Bh6 Rfd8 19. Qb4 Qh5 20. Qb3 Kf7
21. Rc6 Rd6 22. Rc7+ Kg8 23. Re7 Bxb2 24. Bf4 1-0

[Event "17. European Women's Championship 2016"]
[Site "Mamaia ROU"]
[Date "2016.06.03"]
[Round "7.49"]
[White "Rogozenco, Teodora"]
[Black "Petrenko, Svetlana"]
[Result "1/2-1/2"]
[WhiteElo "2104"]
[BlackElo "2182"]
[PlyCount "71"]
[EventDate "2016.05.27"]
[EventType "swiss"]
[EventRounds "11"]
[EventCountry "ROU"]
[Source "lmi"]
[SourceDate "2016.05.26"]

1. d4 d6 2. Nf3 Nf6 3. c4 g6 4. g3 Bg7 5. Bg2 O-O 6. O-O Na6 7. Nc3 c5 8. d5
Nc7 9. Re1 a6 10. a4 Rb8 11. Qd3 b5 12. axb5 axb5 13. cxb5 Bd7 14. e4 Ng4 15.
Bf4 Nxb5 16. e5 Bf5 17. Qc4 Nd4 18. Nxd4 cxd4 19. exd6 exd6 20. Ne4 Bxe4 21.
Rxe4 Ne5 22. Qe2 Qb6 23. Rd1 d3 24. Qf1 f5 25. Ree1 Qxb2 26. Bxe5 dxe5 27. Qxd3
e4 28. Qa6 Rb6 29. Qc4 Rb4 30. Qa6 Bd4 31. Re2 Qb3 32. Qe6+ Rf7 33. Qe8+ Rf8
34. Qe6+ Rf7 35. Qe8+ Rf8 36. Qe6+ 1/2-1/2

[Event "17. European Women's Championship 2016"]
[Site "Mamaia ROU"]
[Date "2016.06.03"]
[Round "7.50"]
[White "Gitu, Paula-Alexandra"]
[Black "Salimova, Nurgyul"]
[Result "0-1"]
[WhiteElo "1949"]
[BlackElo "2160"]
[PlyCount "136"]
[EventDate "2016.05.27"]
[EventType "swiss"]
[EventRounds "11"]
[EventCountry "ROU"]
[Source "lmi"]
[SourceDate "2016.05.26"]

1. e4 c6 2. d4 d5 3. exd5 cxd5 4. Bd3 Nc6 5. c3 Qc7 6. Qb3 Nxd4 7. Qxd5 Nc6 8.
Nf3 Nf6 9. Qc4 Be6 10. Qf4 Qd6 11. Qxd6 exd6 12. Na3 O-O-O 13. O-O d5 14. Nb5
Nd7 15. Be3 Bc5 16. Bxc5 Nxc5 17. Bc2 g6 18. Rfe1 a6 19. Nbd4 Nxd4 20. Nxd4
Rhe8 21. f3 Bd7 22. Kf2 Ne6 23. Rad1 Kc7 24. Rd2 Nf4 25. Red1 Bc6 26. b4 Ne6
27. Bb3 Re7 28. a4 a5 29. b5 Be8 30. Ne2 Nc5 31. Bc2 Red7 32. Nf4 f5 33. Rxd5
b6 34. Rxd7+ Rxd7 35. Rxd7+ Nxd7 36. Ke3 Bf7 37. Kd4 Kd6 38. Nd3 Be6 39. f4 Bd5
40. Ne1 Nc5 41. c4 Ne6+ 42. Kc3 Be4 43. g3 Bxc2 44. Kxc2 Nc5 45. Nf3 Nxa4 46.
Ng5 h6 47. Nf3 Ke6 48. Nd4+ Kf6 49. Nb3 Ke7 50. h4 h5 51. Nd4 Nc5 52. Nc6+ Kd6
53. Ne5 Ne4 54. Nxg6 Nxg3 55. Ne5 Ne2 56. Nd3 Nd4+ 57. Kc3 Nf3 58. Nb2 Nxh4 59.
Na4 Kc7 60. Kd4 Ng2 61. c5 h4 62. Nxb6 h3 63. Nd5+ Kb8 64. c6 h2 65. Kc5 h1=Q
66. Kd6 Qh6+ 67. Kd7 Qg7+ 68. Kd6 Nxf4 0-1

[Event "17. European Women's Championship 2016"]
[Site "Mamaia ROU"]
[Date "2016.06.03"]
[Round "7.51"]
[White "Motycakova, Monika"]
[Black "Sviridova, Vlada"]
[Result "0-1"]
[WhiteElo "2170"]
[BlackElo "2137"]
[PlyCount "72"]
[EventDate "2016.05.27"]
[EventType "swiss"]
[EventRounds "11"]
[EventCountry "ROU"]
[Source "lmi"]
[SourceDate "2016.05.26"]

1. e4 e6 2. d4 d5 3. Nd2 c5 4. exd5 Qxd5 5. Ngf3 cxd4 6. Bc4 Qd7 7. O-O Nc6 8.
Nb3 a6 9. Nbxd4 Nxd4 10. Nxd4 Qc7 11. Bb3 Bd6 12. h3 Ne7 13. c3 O-O 14. Re1 b6
15. Bg5 Ng6 16. Bc2 Bb7 17. Qh5 Bh2+ 18. Kh1 Bf4 19. Bxf4 Qxf4 20. Kg1 Rad8 21.
Qg4 Qf6 22. Rad1 h5 23. Qg3 Nf4 24. f3 h4 25. Qh2 Qg5 26. Kf2 e5 27. Nf5 Rxd1
28. Rxd1 Rd8 29. Nd6 Qe7 30. Nxb7 Rxd1 31. Bxd1 Qxb7 32. Qg1 Qd5 33. Qf1 Qc5+
34. Ke1 Qe3+ 35. Be2 Nd3+ 36. Kd1 Qc1# 0-1

[Event "17. European Women's Championship 2016"]
[Site "Mamaia ROU"]
[Date "2016.06.03"]
[Round "7.52"]
[White "Makropoulou, Marina"]
[Black "Grigoryan, Meri"]
[Result "1-0"]
[WhiteElo "2143"]
[BlackElo "2016"]
[PlyCount "75"]
[EventDate "2016.05.27"]
[EventType "swiss"]
[EventRounds "11"]
[EventCountry "ROU"]
[Source "lmi"]
[SourceDate "2016.05.26"]

1. e4 c6 2. d4 d5 3. Nc3 dxe4 4. Nxe4 Bf5 5. Ng3 Bg6 6. Nf3 Nd7 7. Bd3 Bxd3 8.
Qxd3 Ngf6 9. O-O Qc7 10. Re1 e6 11. c4 Be7 12. Bd2 O-O 13. Nf5 Bd8 14. Ne3 Re8
15. Bc3 Be7 16. Rad1 Rad8 17. Qc2 Bd6 18. h3 h6 19. b3 b5 20. a4 b4 21. Bd2 a5
22. c5 Bf8 23. Nc4 Nd5 24. Re2 g6 25. Rde1 Bg7 26. g3 Nf8 27. Kg2 f5 28. h4 Kh7
29. Qc1 Nf6 30. Bf4 Qa7 31. Bd6 Ne4 32. Rxe4 fxe4 33. Rxe4 Ra8 34. Qe3 Qf7 35.
Rf4 Qb7 36. Nfe5 Ra7 37. Qf3 Kg8 38. Nxc6 1-0

[Event "17. European Women's Championship 2016"]
[Site "Mamaia ROU"]
[Date "2016.06.03"]
[Round "7.53"]
[White "Sazonova, Anastasia"]
[Black "Pancu, Aureliana-Eugenia"]
[Result "1-0"]
[WhiteElo "2085"]
[BlackElo "1841"]
[PlyCount "111"]
[EventDate "2016.05.27"]
[EventType "swiss"]
[EventRounds "11"]
[EventCountry "ROU"]
[Source "lmi"]
[SourceDate "2016.05.26"]

1. d4 Nf6 2. c4 g6 3. Nc3 d5 4. e3 Bg7 5. Qb3 e6 6. Qa3 c6 7. Nf3 a5 8. b3 Na6
9. Be2 Ne4 10. Qb2 O-O 11. O-O b6 12. Rd1 Bb7 13. Bd2 c5 14. cxd5 exd5 15. Rac1
Rc8 16. Be1 cxd4 17. Nxd4 Nac5 18. Qb1 Qe7 19. b4 Nxc3 20. Rxc3 axb4 21. Qxb4
Qf6 22. Rb1 Rb8 23. Bf3 Rfd8 24. h3 Bf8 25. Rc2 Nd3 26. Qb5 Nxe1 27. Rxe1 Bc5
28. Rd1 Ra8 29. Qb1 Rab8 30. Rcd2 Bc8 31. Qb3 Bb7 32. Ne2 Ba6 33. Bxd5 Bxe2 34.
Rxe2 Rd6 35. Red2 Rbd8 36. a4 Kg7 37. Qc4 Ba3 38. e4 R6d7 39. Rd3 Bd6 40. Rf3
Qe5 41. g3 f6 42. Qb5 Bc7 43. Rc1 f5 44. Re3 f4 45. Rf3 fxg3 46. fxg3 Qd4+ 47.
Kh1 Bd6 48. Rcf1 Bc5 49. Qc6 Bd6 50. h4 Rc7 51. Rf7+ Rxf7 52. Rxf7+ Kh8 53. Qb7
Qd1+ 54. Kg2 Qd2+ 55. Kh3 Qh6 56. Qxb6 1-0

[Event "17. European Women's Championship 2016"]
[Site "Mamaia ROU"]
[Date "2016.06.03"]
[Round "7.54"]
[White "Anghel, Maria"]
[Black "Utiatskaja, Irina"]
[Result "0-1"]
[WhiteElo "1703"]
[BlackElo "2181"]
[PlyCount "114"]
[EventDate "2016.05.27"]
[EventType "swiss"]
[EventRounds "11"]
[EventCountry "ROU"]
[Source "lmi"]
[SourceDate "2016.05.26"]

1. d4 Nf6 2. Bg5 Ne4 3. Bf4 c5 4. f3 Qa5+ 5. c3 Nf6 6. d5 Qb6 7. Bc1 g6 8. e4
d6 9. Nd2 Bg7 10. Nc4 Qd8 11. a4 O-O 12. Bf4 Nbd7 13. Qd2 Nb6 14. Bh6 Bd7 15.
Bxg7 Kxg7 16. a5 Nxc4 17. Bxc4 b6 18. Ne2 bxa5 19. O-O a4 20. Ra2 Qb6 21. Kh1
Bb5 22. Bxb5 Qxb5 23. Rfa1 Rfb8 24. Nf4 Nd7 25. Nd3 Nb6 26. Qc2 Nc4 27. Rb1 Ne3
28. Qd2 Qb3 29. Rba1 Nc4 30. Qe2 Qb5 31. h3 Ne5 32. Nf4 Qxe2 33. Nxe2 Nd3 34.
Rb1 Rb7 35. Nc1 Nxc1 36. Rxc1 Kf6 37. Kg1 Rb3 38. Kf2 Rab8 39. Rc2 R8b6 40. Ke3
Ra6 41. Ra3 Rxa3 42. bxa3 Rb6 43. Kd3 Rb3 44. Ra2 g5 45. Kc4 Rb1 46. Kd3 Ke5
47. Kc2 Rg1 48. Kd3 h5 49. Kc4 Rb1 50. Kd3 h4 51. Ke3 Re1+ 52. Kd2 Rb1 53. Ke3
Rb3 54. Kd3 Kf4 55. Kc2 c4 56. Kd2 Rb1 57. Kc2 Rg1 0-1

[Event "17. European Women's Championship 2016"]
[Site "Mamaia ROU"]
[Date "2016.06.03"]
[Round "7.55"]
[White "Narva, Regina"]
[Black "Cimpean, Andra"]
[Result "1-0"]
[WhiteElo "2019"]
[BlackElo "1794"]
[PlyCount "117"]
[EventDate "2016.05.27"]
[EventType "swiss"]
[EventRounds "11"]
[EventCountry "ROU"]
[Source "lmi"]
[SourceDate "2016.05.26"]

1. e4 d5 2. exd5 Qxd5 3. Nc3 Qd6 4. g3 Nf6 5. Bg2 c6 6. Nge2 Bf5 7. d3 Nbd7 8.
a3 e5 9. h3 h5 10. Bg5 Nh7 11. Be3 Be7 12. Qd2 Nb6 13. f4 O-O-O 14. Bxb6 axb6
15. Qe3 Qc5 16. Qxe5 Qxe5 17. fxe5 Bc5 18. O-O-O Be3+ 19. Kb1 Rhe8 20. d4 Ng5
21. Rhf1 g6 22. g4 hxg4 23. hxg4 Bxg4 24. Rd3 Bxe2 25. Nxe2 Bxd4 26. Rxd4 Rxe5
27. Rxd8+ Kxd8 28. Nd4 Ke8 29. Nf3 Nxf3 30. Bxf3 f5 31. Kc1 Kf7 32. Kd2 Re8 33.
Rh1 Kg7 34. Re1 Rd8+ 35. Ke3 Kf6 36. Rd1 Re8+ 37. Kf2 Re7 38. Rd6+ Kg5 39. Rd1
Kf6 40. Kg3 Rh7 41. Rd6+ Kg5 42. Rd4 b5 43. a4 bxa4 44. Rxa4 Rd7 45. c3 Rd2 46.
Rb4 Rd7 47. Rd4 Re7 48. Ra4 Kf6 49. Ra8 Rd7 50. Ra7 Re7 51. b4 Rc7 52. c4 Ke5
53. b5 cxb5 54. cxb5 Kd6 55. b6 Re7 56. Bxb7 Kc5 57. Bf3 Re3 58. b7 Rb3 59. Ra8
1-0

[Event "17. European Women's Championship 2016"]
[Site "Mamaia ROU"]
[Date "2016.06.03"]
[Round "7.56"]
[White "Surovtseva, Alisa"]
[Black "Milak, Adela"]
[Result "1-0"]
[WhiteElo "1574"]
[BlackElo "1677"]
[PlyCount "81"]
[EventDate "2016.05.27"]
[EventType "swiss"]
[EventRounds "11"]
[EventCountry "ROU"]
[Source "lmi"]
[SourceDate "2016.05.26"]

1. d4 Nf6 2. Nc3 d6 3. e4 e6 4. Nf3 Be7 5. Bd3 Nbd7 6. O-O O-O 7. h3 c6 8. a4
Qc7 9. Be3 a5 10. Qe2 Nb6 11. Bf4 Bd7 12. e5 Nfd5 13. Qe4 f5 14. exf6 Nxf6 15.
Qe2 Nh5 16. Bh2 Nf4 17. Bxf4 Rxf4 18. Qe3 Raf8 19. Ne2 Nd5 20. Qd2 Rxf3 21.
gxf3 Rxf3 22. Be4 Rxh3 23. Bxd5 exd5 24. Ra3 Rxa3 25. bxa3 Bh3 26. Re1 Qd8 27.
Ng3 Bf6 28. Qe3 Bd7 29. Qf4 Qf8 30. Rb1 g5 31. Qd2 Bc8 32. Nh5 Bd8 33. Rb3 Qh6
34. Ng3 Qh4 35. Qe3 Qh6 36. Qe2 g4 37. Re3 Bd7 38. Rb3 Bc8 39. Qe8+ Qf8 40. Re3
Bd7 41. Qxd7 1-0

[Event "17. European Women's Championship 2016"]
[Site "Mamaia ROU"]
[Date "2016.06.04"]
[Round "8.2"]
[White "Pogonina, Natalija"]
[Black "Shvayger, Yuliya"]
[Result "1/2-1/2"]
[WhiteElo "2490"]
[BlackElo "2415"]
[PlyCount "76"]
[EventDate "2016.05.27"]
[EventType "swiss"]
[EventRounds "11"]
[EventCountry "ROU"]
[Source "lmi"]
[SourceDate "2016.05.26"]

1. e4 c5 2. Nf3 Nc6 3. d4 cxd4 4. Nxd4 e5 5. Nb5 d6 6. c4 Be7 7. N1c3 a6 8. Na3
f5 9. exf5 Bxf5 10. Bd3 Be6 11. Nc2 Nf6 12. Ne3 Qd7 13. Ncd5 Bd8 14. O-O O-O
15. Nxf6+ gxf6 16. Nd5 Kh8 17. Qh5 f5 18. Bd2 Bxd5 19. cxd5 Nd4 20. Be3 Bb6 21.
Rac1 f4 22. Bxd4 Bxd4 23. b3 f3 24. gxf3 Rf4 25. Kh1 Raf8 26. Be4 Qe7 27. Rg1
Bxf2 28. Rg4 R4f6 29. Qg5 R6f7 30. Qxe7 Rxe7 31. b4 Bb6 32. Kg2 a5 33. b5 Bc5
34. Rc2 Rg7 35. Rg3 b6 36. Rc4 Rf4 37. Rxg7 Kxg7 38. Bd3 Rxc4 1/2-1/2

[Event "17. European Women's Championship 2016"]
[Site "Mamaia ROU"]
[Date "2016.06.04"]
[Round "8.3"]
[White "Peptan, Corina-Isabela"]
[Black "Paehtz, Elisabeth"]
[Result "0-1"]
[WhiteElo "2402"]
[BlackElo "2489"]
[PlyCount "98"]
[EventDate "2016.05.27"]
[EventType "swiss"]
[EventRounds "11"]
[EventCountry "ROU"]
[Source "lmi"]
[SourceDate "2016.05.26"]

1. c4 c5 2. Nf3 Nc6 3. Nc3 e5 4. g3 g6 5. Bg2 Bg7 6. O-O Nge7 7. Ne1 d6 8. Nc2
Be6 9. Ne3 O-O 10. Ned5 Qd7 11. d3 Rab8 12. Rb1 Bh3 13. Ne4 Nxd5 14. Bxh3 Qxh3
15. cxd5 Nb4 16. Qb3 Qd7 17. a3 Na6 18. f4 f5 19. Ng5 Nc7 20. e4 b5 21. fxe5
Bxe5 22. Nf3 Bg7 23. Bf4 Rbe8 24. Rbe1 fxe4 25. dxe4 c4 26. Qb4 Rd8 27. a4 a6
28. axb5 axb5 29. Ra1 h6 30. Kg2 g5 31. Bd2 Rde8 32. Rae1 Na6 33. Qa5 Nc5 34.
Bc1 Nd3 35. Qd2 Nxe1+ 36. Qxe1 Qg4 37. Nd2 Rxf1 38. Qxf1 Rf8 39. Qe1 c3 40.
bxc3 Bxc3 41. Qe3 b4 42. Qd3 Qd1 43. e5 Bxe5 44. Qc4 Bc3 45. Nb3 Qf3+ 46. Kh3
Qf5+ 47. Kg2 Rc8 48. Qb5 Qe4+ 49. Kf2 Qc2+ 0-1

[Event "17. European Women's Championship 2016"]
[Site "Mamaia ROU"]
[Date "2016.06.04"]
[Round "8.4"]
[White "Vega Gutierrez, Sabrina"]
[Black "Goryachkina, Aleksandra"]
[Result "1-0"]
[WhiteElo "2375"]
[BlackElo "2485"]
[PlyCount "115"]
[EventDate "2016.05.27"]
[EventType "swiss"]
[EventRounds "11"]
[EventCountry "ROU"]
[Source "lmi"]
[SourceDate "2016.05.26"]

1. d4 Nf6 2. Nf3 e6 3. c4 d5 4. Nc3 Nbd7 5. Bg5 c6 6. e3 Qa5 7. Nd2 Bb4 8. Rc1
Ne4 9. Ncxe4 dxe4 10. c5 Qxa2 11. Bc4 Qa5 12. Ke2 h6 13. Ra1 Qc7 14. Bf4 e5 15.
Bg3 Nxc5 16. dxc5 Bg4+ 17. f3 exf3+ 18. gxf3 Bf5 19. Qb3 Bxc5 20. Rhc1 Bb6 21.
Qc3 f6 22. b4 h5 23. Nb3 h4 24. Bf2 e4 25. f4 Bg4+ 26. Ke1 Qd7 27. Nc5 Bxc5 28.
bxc5 Rh5 29. Ra2 Rd8 30. Bb3 Bf3 31. Rd2 Qc7 32. Rxd8+ Qxd8 33. Qd4 Qa5+ 34.
Kf1 Qa3 35. Qc3 Ke7 36. Kg1 a5 37. Bg8 Qxc3 38. Rxc3 Rh8 39. Ba2 a4 40. Rc4 Rh5
41. Be1 Rd5 42. Rxa4 Rd1 43. Kf1 g5 44. Rb4 g4 45. Rxb7+ Kf8 46. Rb1 Rd3 47.
Be6 Ke7 48. f5 g3 49. hxg3 h3 50. Rb7+ Ke8 51. Rh7 Bg2+ 52. Ke2 Ra3 53. Bb4 Rd3
54. Be1 Ra3 55. Kf2 Ra1 56. g4 Rc1 57. g5 Rc2+ 58. Kg3 1-0